000 01370nas1a22003131i 4500
001 RU\NLR\INFOCOMM6\1000424997
005 20260407070450.0
035 _a(NLR Aleph) 002604961
090 _a3478168
_c3478168
100 _a20040421a19989999|||y0rusy50 ca
101 0 _arus
102 _aRU
110 _aaku||||0|y0
200 1 _aМеждународный академический журнал
_fАкад. истории и политологии
210 _aБалашов
_cМАЖ
_d1998-
712 0 2 _4570
_aАкадемия истории и политологии
_cБалашов
_3RU\NLR\AUTH\883518
_9278332
712 0 2 _4570
_aМеждународная академия наук
_3RU\NLR\AUTH\8810033956
_9566380
801 2 _aRU
_bNLR
_c20070328
_2rusmarc
801 1 _aRU
_bInfoComm
_c20040421
801 0 _aRU
_bNLR
_gPSBO
852 _aNLR
_jП22/7166
942 _cJOURNAL
980 _aRUSPER